000 01136nam a2200253Ia 4500
001 001.3- GUI je la (4858)
003 IT-MiSPE
008 171229s9999||||xx |||||||||||||| ||und||
040 _aIT-MiSPE
_cIT-MiSPE
041 _aITALIANO
100 _aJean Guitton
240 _aLe travail intellectuel. Nouvel art de penser
245 0 _aIl lavoro intellettuale
_bArte nuova di pensare
250 _a5
260 _aRoma
_bEdizioni Paoline
_c1960 (st.)
300 _a281 p.
_c21 cm
490 _aEnciclopedia psicologica
_v8
501 _aEdizioni San Paolo srl - Piazza Soncino, 5 - 20092 CINISELLO BALSAMO (MI) (non commercial uses only) ® Copyright 2018
650 _aTraduzione a cura del Circolo Fucino di Vittorio Veneto. Conoscenza
700 _aMaria Meschiari
942 _cBK
957 _71
999 _a20834
_bNO
_g Copie: 1
_c336899
_d336899